县级行政区接壤地图#20 平果市 Pingguo Bordering Map - Statistics

General Stats
  • This quiz has been taken 3 times
  • The average score is 6 of 7
Answers on the Map
Answers color-coded by a green-red scale on the quiz's map according to % correct below.
 
Answer Stats
% Correct
巴马瑶族自治县
100%
马山县
100%
武鸣区
100%
天等县
100%
田东县
100%
大化瑶族自治县
67%
隆安县
33%
No matching quizzes found
Score Distribution
Percent of People with Each Score
Percentile by Number Answered
Your Score History
You have not taken this quiz